000 01104cam a22003135a 4500
001 17995984
005 20201128021449.0
008 140113t2014 caua frb 001 0 eng d
020 _a9781626561236 (hardcover)
040 _aDLC
_beng
_cDLC
_dDLC
_dEG-ScBUE
050 0 0 _aHF5549.5.S8
_bR627 2014
082 0 4 _a658.4038
_222
_bROB
100 1 _aRobinson, Alan G.
_938385
245 1 4 _aThe idea-driven organization :
_bunlocking the power in bottom-up ideas /
_cAlan G. Robinson, Dean M. Schroeder.
260 _aSan Francisco :
_bBerrett Koehler Publishers,
_cc.2014.
300 _axiii, 190 p. :
_bill. ;
_c25 cm.
500 _aIndex : p. 181-188.
504 _aIncludes bibliographical references.
650 0 _aSuggestion systems
_2BUEsh
650 0 _aManagement
_xEmployee participation
_2BUEsh
_919399
650 7 _aOrganizational change.
_2BUEsh
_9885
650 7 _aCorporate culture.
_2BUEsh
_936919
651 _2BUEsh
653 _bBUSADM
_cAugust2015
655 _vreading book
_934232
650 7 _9891
_aOrganizational effectiveness
_2BUEsh
700 1 _aSchroeder, Dean M.
942 _2ddc
999 _c20429
_d20401